| 000 | 00590nam a2200157 4500 | ||
|---|---|---|---|
| 999 |
_c6732 _d6732 |
||
| 008 | 170426b xxu||||| |||| 00| 0 eng d | ||
| 022 | _a0119-9000 | ||
| 082 | _aDPer 641.505 C77 Jan-June 2013 v.13-14 | ||
| 100 |
_920380 _aFragante, Ernesto B. |
||
| 245 |
_aAphrodisiacs to ignite a night of passion: _beating some sensual food may spark your man's drive/ _cErnesto B. Fragante. |
||
| 260 |
_aPhilippines: _bUBM Medica, _c©Jan-June 2013. |
||
| 300 |
_av13 n11, pages 28-39: _billustrations; _c29 cm. |
||
| 500 | _aCook. | ||
| 650 | 0 |
_920381 _aCooking _xAphrodisiacs |
|
| 942 |
_2ddc _cPER |
||